=LDR 00000nam 2200000 4500 =001 INLIS000000000038106 =005 20130612143808 =008 ***********************************ind** =035 ##$$0010-061300000038106 =041 ##$$a ind =082 ##$$a 610.020 =100 ##$$a fauci, anthony =245 ##$$a Harrison Manual kedokteran =260 ##$$a karisma publishing Group $b Tangerang =300 ##$$a 852 hlm, ilus, 25 cm =850 ##$$a NBPNMAT